|
|
|
|
| LEADER |
02027nam a2200517 a 4500 |
| 001 |
nkc20132501116 |
| 003 |
CZ PrNK |
| 005 |
20140204101431.0 |
| 007 |
ta |
| 008 |
130927s2013 xr a e p 000 0 cze |
| 015 |
|
|
|a cnb002501116
|
| 020 |
|
|
|a 978-80-86710-69-3
|q (brož.)
|
| 035 |
|
|
|a (OCoLC)864848759
|
| 040 |
|
|
|a BOA001
|b cze
|d ABA001
|
| 072 |
|
7 |
|a 623
|x Vojenská technika
|2 Konspekt
|9 19
|
| 072 |
|
7 |
|a 37.016
|x Učební osnovy. Vyučovací předměty. Učebnice
|2 Konspekt
|9 22
|
| 080 |
|
|
|a 623.455/.456
|2 MRF
|
| 080 |
|
|
|a 623.5
|2 MRF
|
| 080 |
|
|
|a 616-001.45
|2 MRF
|
| 080 |
|
|
|a (075.8)
|2 MRF
|
| 100 |
1 |
|
|a Juříček, Ludvík,
|d 1954-
|7 xx0104260
|4 aut
|
| 245 |
1 |
0 |
|a Ranivá balistika I :
|b (úvod do studia ranivé balistiky) /
|c Ludvík Juříček
|
| 246 |
3 |
0 |
|a Úvod do studia ranivé balistiky
|
| 250 |
|
|
|a Vyd. 1.
|
| 260 |
|
|
|a Brno :
|b Vysoká škola Karla Engliše,
|c 2013
|
| 300 |
|
|
|a 111 s. :
|b il. ;
|c 29 cm
|
| 500 |
|
|
|a Česko-anglický a anglicko-český terminologický slovník
|
| 500 |
|
|
|a Terminologický slovník
|
| 504 |
|
|
|a Obsahuje bibliografii a bibliografické odkazy
|
| 650 |
0 |
7 |
|a střelivo
|7 ph126245
|2 czenas
|
| 650 |
0 |
7 |
|a balistika
|7 ph241152
|2 czenas
|
| 650 |
0 |
7 |
|a střelná poranění
|7 ph139033
|2 czenas
|
| 650 |
0 |
9 |
|a munition
|2 eczenas
|
| 650 |
0 |
9 |
|a ballistics
|2 eczenas
|
| 650 |
0 |
9 |
|a gunshot wounds
|2 eczenas
|
| 655 |
|
7 |
|a učebnice vysokých škol
|7 fd133772
|2 czenas
|
| 655 |
|
9 |
|a textbooks (higher)
|2 eczenas
|
| 910 |
2 |
|
|a BOA001
|b 4-1313.025
|
| 928 |
9 |
|
|a VŠKE
|
| 990 |
|
|
|a BK
|
| 995 |
|
|
|a 01
|
| 991 |
|
|
|b 201310
|c NOV
|e n
|
| 996 |
6 |
|
|b 2610564506
|c 4-1313.025
|l MZK
|r Sklad / do 1 hodiny
|n 4
|p p.v.
|w 001368583
|u 000010
|a 1
|e BOA001
|j MZK50
|s P
|
| 996 |
7 |
|
|b 2610576869
|c 4-1313.025
|l MZK
|r Sklad / do 1 hodiny
|n 8
|p p.v.
|w 001368583
|u 000020
|a 1
|e BOA001
|j MZK50
|s A
|
| 996 |
7 |
|
|b 2610580327
|c 4-1313.025
|l MZK
|r Sklad / do 1 hodiny
|n 7
|p kup
|w 001368583
|u 000030
|a 1
|e BOA001
|j MZK50
|s A
|
| 996 |
7 |
|
|b 2610580328
|c 4-1313.025
|l MZK
|r Sklad / do 1 hodiny
|n 11
|p kup
|w 001368583
|u 000040
|a 1
|e BOA001
|j MZK50
|s A
|